Песни: пер. с фр.; Стихотворения; Песни

Dades bibliogràfiques
Autor principal: Беранже П. Ж. Пьер Жан
Altres autors: Брахман С. (автор предисловия)
Sumari:В примечаниях даны краткие биографические сведения об авторах
В настоящем томе любители поэзии найдут избранные песни Беранже, знакомые каждому русскому читателю со школьной скамьи; они смогут составить себе более полное представление о поэзии Барбье, менее у нас известного, и о творчестве Дюпона, песни которого много лет не издавались во Франции и впервые представлены в столь значительном объеме на русском языке
Idioma:rus
Publicat: Москва, Художественная литература, 1976
Copublished:О. Барбье. Стихотворения; П. Дюпон. Песни
Col·lecció:Библиотека всемирной литературы Т. 69
Серия вторая. Литература XIX века
Matèries:
Format: MixedMaterials Llibre
KOHA link:https://koha.lib.tpu.ru/cgi-bin/koha/opac-detail.pl?biblionumber=182942

MARC

LEADER 00000nam0a2200000 4500
001 182942
005 20231101223728.0
035 |a (RuTPU)RU\TPU\book\198315 
090 |a 182942 
100 |a 20100629d1976 m y0rusy50 ca 
101 1 |a rus  |c fre 
102 |a RU 
105 |a a z 000gy 
200 1 |a Песни  |e пер. с фр.  |f П. Ж. Беранже  |g авт. предисл. С. Брахман 
210 |a Москва  |c Художественная литература  |d 1976 
215 |a 544 с.  |c ил. 
225 1 |a Библиотека всемирной литературы  |v Т. 69 
225 1 |a Серия вторая. Литература XIX века 
300 |a В примечаниях даны краткие биографические сведения об авторах 
320 |a Примечания: с. 507-534 
330 |a В настоящем томе любители поэзии найдут избранные песни Беранже, знакомые каждому русскому читателю со школьной скамьи; они смогут составить себе более полное представление о поэзии Барбье, менее у нас известного, и о творчестве Дюпона, песни которого много лет не издавались во Франции и впервые представлены в столь значительном объеме на русском языке 
423 |t Стихотворения  |f О. Барбье 
423 |t Песни  |f П. Дюпон  |a Дюпон, Пьер 
610 1 |a французская графика 
610 1 |a французская поэзия 
610 1 |a песни 
610 1 |a стихотворения 
675 |a 84  |v 3 
700 1 |a Беранже  |b П. Ж.  |c французский поэт  |f 1780-1857  |g Пьер Жан  |2 stltpush  |3 (RuTPU)RU\TPU\pers\9271  |9 1827 
702 1 |a Брахман  |b С.  |4 080 
801 1 |a RU  |b 63413507  |c 20100629 
942 |c BK